[Event "DEM U16w 2019"]
[Site "Willingen GER"]
[Date "2019.06.09"]
[Round "1"]
[White "Khamenya, Vitalia"]
[Black "Stowicek, Yara Mathilda"]
[Result "1-0"]
[Termination "normal"]
[Board "4"]
[WhiteElo "1877"]
[BlackElo "1692"]
[WhiteClock "00:09:22"]
[BlackClock "00:10:50"]
[PlyCount "129"]
[WhiteFideId "12959260"]
[BlackFideId "16203569"]
[EventCountry "GER"]
[EventRounds "9"]
[EventType "swiss"]
[EventDate "2019.06.08"]

1. e4 {[%clk 1:30:53]} 1... e5 {[%clk 1:30:54]} 2. Nf3 {[%clk 1:31:17]} 2...
Nc6 {[%clk 1:31:14]} 3. d4 {[%clk 1:31:43]} 3... exd4 {[%clk 1:31:29]} 4. Nxd4
{[%clk 1:32:07]} 4... Bb4+ {[%clk 1:26:09]} 5. c3 {[%clk 1:32:26]} 5... Bc5 {
[%clk 1:26:21]} 6. Be3 {[%clk 1:32:41]} 6... Bb6 {[%clk 1:26:28]} 7. Nf5 {
[%clk 1:32:14]} 7... Qf6 {[%clk 1:21:37]} 8. Bxb6 {[%clk 1:26:51]} 8... axb6 {
[%clk 1:21:35]} 9. Ne3 {[%clk 1:26:23]} 9... d6 {[%clk 0:55:34]} 10. Nd5 {
[%clk 1:22:32]} 10... Qd8 {[%clk 0:54:06]} 11. c4 {[%clk 1:21:16]} 11... Nf6 {
[%clk 0:51:08]} 12. Nbc3 {[%clk 1:20:22]} 12... O-O {[%clk 0:50:11]} 13. Be2 {
[%clk 1:19:59]} 13... Re8 {[%clk 0:46:26]} 14. f3 {[%clk 1:19:48]} 14... Be6 {
[%clk 0:41:27]} 15. O-O {[%clk 1:19:33]} 15... Bxd5 {[%clk 0:30:05]} 16. cxd5 {
[%clk 1:19:51]} 16... Ne5 {[%clk 0:28:59]} 17. Nb5 {[%clk 1:15:34]} 17... Qe7 {
[%clk 0:21:21]} 18. Rc1 {[%clk 1:05:57]} 18... Rec8 {[%clk 0:21:10]} 19. a3 {
[%clk 1:01:13]} 19... Ne8 {[%clk 0:19:00]} 20. Rf2 {[%clk 0:46:28]} 20... c6 {
[%clk 0:15:54]} 21. Nc3 {[%clk 0:45:26]} 21... Nf6 {[%clk 0:12:09]} 22. dxc6 {
[%clk 0:34:50]} 22... bxc6 {[%clk 0:12:09]} 23. Qb3 {[%clk 0:35:16]} 23... Nfd7
{[%clk 0:10:22]} 24. Rd1 {[%clk 0:29:25]} 24... Rcb8 {[%clk 0:08:45]} 25. Bf1 {
[%clk 0:28:40]} 25... Nc5 {[%clk 0:08:18]} 26. Qc2 {[%clk 0:29:09]} 26... Rd8 {
[%clk 0:08:21]} 27. Rfd2 {[%clk 0:25:39]} 27... Ra7 {[%clk 0:08:08]} 28. Na2 {
[%clk 0:20:20]} 28... Rc7 {[%clk 0:07:07]} 29. Bc4 {[%clk 0:12:20]} 29... b5 {
[%clk 0:06:25]} 30. Be2 {[%clk 0:11:44]} 30... Qe6 {[%clk 0:06:10]} 31. Qxc5 {
[%clk 0:11:03]} 31... Rcd7 {[%clk 0:02:32]} 32. Qb4 {[%clk 0:06:18]} 32... c5 {
[%clk 0:02:38]} 33. Qxb5 {[%clk 0:06:25]} 33... Qxa2 {[%clk 0:03:01]} 34. f4 {
[%clk 0:06:15]} 34... Qe6 {[%clk 0:02:31]} 35. fxe5 {[%clk 0:06:32]} 35... Qxe5
{[%clk 0:02:58]} 36. Bg4 {[%clk 0:06:09]} 36... Re7 {[%clk 0:02:49]} 37. Qb6 {
[%clk 0:04:37]} 37... Rde8 {[%clk 0:02:30]} 38. Bf3 {[%clk 0:03:55]} 38... Re6
{[%clk 0:01:47]} 39. Rxd6 {[%clk 0:03:08]} 39... Rxd6 {[%clk 0:01:08]} 40. Qxd6
{[%clk 0:03:22]} 40... Qxb2 {[%clk 0:01:04]} 41. Qxc5 {[%clk 0:02:39]} 41... g6
{[%clk 0:29:46]} 42. a4 {[%clk 0:27:39]} 42... Qa2 {[%clk 0:27:49]} 43. a5 {
[%clk 0:27:26]} 43... Ra8 {[%clk 0:28:03]} 44. Qd5 {[%clk 0:16:18]} 44... Qxa5
{[%clk 0:26:31]} 45. Qxa5 {[%clk 0:15:43]} 45... Rxa5 {[%clk 0:26:51]} 46. Kf2
{[%clk 0:15:44]} 46... Kf8 {[%clk 0:26:45]} 47. Re1 {[%clk 0:15:03]} 47... Re5
{[%clk 0:26:32]} 48. Rd1 {[%clk 0:14:39]} 48... Ke7 {[%clk 0:24:42]} 49. Ke3 {
[%clk 0:13:05]} 49... f5 {[%clk 0:23:13]} 50. Rd5 {[%clk 0:11:10]} 50... Re6 {
[%clk 0:19:37]} 51. Kf4 {[%clk 0:10:09]} 51... fxe4 {[%clk 0:19:16]} 52. Bg4 {
[%clk 0:10:06]} 52... Rf6+ {[%clk 0:14:12]} 53. Kxe4 {[%clk 0:10:26]} 53... Rf2
{[%clk 0:14:15]} 54. Bf3 {[%clk 0:10:19]} 54... Ra2 {[%clk 0:12:55]} 55. Ke5 {
[%clk 0:10:11]} 55... Ra6 {[%clk 0:11:23]} 56. Bg4 {[%clk 0:09:22]} 56... Ra7 {
[%clk 0:10:50]} 57. Rd7+ Rxd7 58. Bxd7 Kxd7 59. Kf6 Kd6 60. Kg7 Ke5 61. Kxh7
Kf6 62. Kh6 Kf5 63. g3 Kf6 64. g4 Kf7 65. g5 1-0

[Event "DEM U16w 2019"]
[Site "Willingen GER"]
[Date "2019.06.09"]
[Round "1"]
[White "Berelowitsch, Dana"]
[Black "Bardorz, Jana"]
[Result "0-1"]
[Termination "normal"]
[Board "5"]
[WhiteElo "1753"]
[BlackElo "1769"]
[WhiteClock "00:01:05"]
[BlackClock "00:08:49"]
[PlyCount "132"]
[WhiteFideId "12977144"]
[BlackFideId "16208897"]
[EventCountry "GER"]
[EventRounds "9"]
[EventType "swiss"]
[EventDate "2019.06.08"]

1. e4 {[%clk 1:30:57]} 1... e5 {[%clk 1:30:55]} 2. Nf3 {[%clk 1:31:24]} 2...
Nc6 {[%clk 1:31:21]} 3. Bb5 {[%clk 1:31:49]} 3... a6 {[%clk 1:31:44]} 4. Ba4 {
[%clk 1:32:16]} 4... Nf6 {[%clk 1:32:09]} 5. O-O {[%clk 1:32:41]} 5... Be7 {
[%clk 1:32:34]} 6. Re1 {[%clk 1:33:07]} 6... b5 {[%clk 1:33:00]} 7. Bb3 { [%clk
1:33:33]} 7... d6 {[%clk 1:33:13]} 8. c3 {[%clk 1:33:51]} 8... O-O { [%clk
1:32:16]} 9. d4 {[%clk 1:34:19]} 9... Bg4 {[%clk 1:30:15]} 10. Be3 { [%clk
1:34:33]} 10... Bh5 {[%clk 1:25:11]} 11. Bc2 {[%clk 1:21:46]} 11... Bg6 { [%clk
1:19:12]} 12. Bc1 {[%clk 1:16:28]} 12... Re8 {[%clk 1:13:34]} 13. Nbd2 { [%clk
1:08:39]} 13... Bf8 {[%clk 1:09:42]} 14. d5 {[%clk 1:07:23]} 14... Na5 { [%clk
1:03:03]} 15. b4 {[%clk 1:00:26]} 15... Nb7 {[%clk 1:00:43]} 16. a4 { [%clk
0:57:04]} 16... Qd7 {[%clk 0:54:16]} 17. Nf1 {[%clk 0:44:33]} 17... c6 { [%clk
0:49:26]} 18. Nh4 {[%clk 0:41:01]} 18... a5 {[%clk 0:38:44]} 19. axb5 { [%clk
0:32:44]} 19... cxd5 {[%clk 0:34:51]} 20. Nxg6 {[%clk 0:32:47]} 20... hxg6
{[%clk 0:34:47]} 21. Ba4 {[%clk 0:30:32]} 21... axb4 {[%clk 0:29:26]} 22. Bb2
{[%clk 0:22:39]} 22... Nc5 {[%clk 0:25:58]} 23. exd5 {[%clk 0:21:00]} 23...
bxc3 {[%clk 0:23:13]} 24. Bxc3 {[%clk 0:19:59]} 24... Nxd5 {[%clk 0:18:56]} 25.
Qxd5 {[%clk 0:19:26]} 25... Rxa4 {[%clk 0:16:32]} 26. Rxa4 {[%clk 0:12:39]}
26... Nxa4 {[%clk 0:16:51]} 27. Ba5 {[%clk 0:09:09]} 27... Qa7 {[%clk 0:13:30]}
28. Bb4 {[%clk 0:05:19]} 28... Nb6 {[%clk 0:12:18]} 29. Qd2 {[%clk 0:03:14]}
29... d5 {[%clk 0:09:02]} 30. Bc3 {[%clk 0:03:27]} 30... f6 {[%clk 0:07:13]}
31. Ra1 {[%clk 0:02:45]} 31... Qd7 {[%clk 0:06:25]} 32. Qd3 {[%clk 0:01:56]}
32... Qf5 {[%clk 0:03:39]} 33. Qe2 {[%clk 0:01:33]} 33... Rc8 {[%clk 0:03:03]}
34. Ng3 {[%clk 0:01:30]} 34... Qd7 {[%clk 0:02:34]} 35. Qb2 {[%clk 0:01:08]}
35... Rc5 {[%clk 0:02:21]} 36. Ba5 {[%clk 0:00:40]} 36... Rxb5 {[%clk 0:02:29]}
37. Qc2 {[%clk 0:00:52]} 37... Nc4 {[%clk 0:02:01]} 38. Bc3 {[%clk 0:00:49]}
38... Bb4 {[%clk 0:01:30]} 39. Bxb4 {[%clk 0:00:57]} 39... Rxb4 {[%clk 0:01:55]
} 40. Qxg6 {[%clk 0:01:00]} 40... Ra4 {[%clk 0:01:17]} 41. Rb1 {[%clk 0:29:11]}
41... Ra8 {[%clk 0:27:20]} 42. Nf5 {[%clk 0:23:41]} 42... Nd6 {[%clk 0:24:23]}
43. Ne3 {[%clk 0:14:36]} 43... d4 {[%clk 0:20:02]} 44. Ng4 {[%clk 0:13:08]}
44... Kf8 {[%clk 0:15:02]} 45. Nxf6 {[%clk 0:00:55]} 45... gxf6 {[%clk 0:13:49]
} 46. Qxf6+ {[%clk 0:01:15]} 46... Nf7 {[%clk 0:13:36]} 47. h4 {[%clk 0:01:17]}
47... Rc8 {[%clk 0:09:38]} 48. h5 {[%clk 0:01:03]} 48... Qc6 {[%clk 0:08:49]}
49. Qf5 {[%clk 0:01:05]} 49... Qc2 50. Qxc2 Rxc2 51. Rb8+ Kg7 52. Rb7 d3 53.
Rd7 e4 54. g3 Rc6 55. Kf1 Rd6 56. Rxd6 Nxd6 57. Ke1 Kh6 58. g4 Kg5 59. Kd2 Nc4+
60. Ke1 Ne5 61. Kd2 Nxg4 62. f3 exf3 63. Kxd3 Kxh5 64. Kd2 Kh4 65. Ke1 Kg3 66.
Kf1 Nh2+ 0-1

[Event "DEM U16w 2019"]
[Site "Willingen GER"]
[Date "2019.06.09"]
[Round "1"]
[White "Zell, Hannah"]
[Black "Ziegenfuß, Larissa"]
[Result "1/2-1/2"]
[Termination "normal"]
[Board "13"]
[WhiteElo "1494"]
[BlackElo "1771"]
[WhiteClock "00:02:47"]
[BlackClock "00:09:44"]
[PlyCount "140"]
[WhiteFideId "16208900"]
[BlackFideId "12974722"]
[EventCountry "GER"]
[EventRounds "9"]
[EventType "swiss"]
[EventDate "2019.06.08"]

1. e4 {[%clk 1:30:56]} 1... c5 {[%clk 1:30:54]} 2. b3 {[%clk 1:31:14]} 2... Nc6
{[%clk 1:28:19]} 3. Nc3 {[%clk 1:28:21]} 3... e6 {[%clk 1:19:57]} 4. Bb2 {
[%clk 1:20:51]} 4... a6 {[%clk 1:15:55]} 5. a4 {[%clk 1:19:44]} 5... Nf6 {
[%clk 1:12:41]} 6. Nf3 {[%clk 1:15:11]} 6... d6 {[%clk 1:08:21]} 7. Be2 { [%clk
1:09:58]} 7... Be7 {[%clk 1:03:46]} 8. d3 {[%clk 1:05:52]} 8... Qc7 { [%clk
0:58:29]} 9. O-O {[%clk 1:01:49]} 9... O-O {[%clk 0:56:44]} 10. d4 { [%clk
0:47:23]} 10... cxd4 {[%clk 0:51:25]} 11. Nxd4 {[%clk 0:46:12]} 11... Nxd4
{[%clk 0:48:08]} 12. Qxd4 {[%clk 0:45:43]} 12... b6 {[%clk 0:35:39]} 13. Ba3
{[%clk 0:33:07]} 13... e5 {[%clk 0:25:10]} 14. Qd2 {[%clk 0:28:36]} 14... Bb7
{[%clk 0:23:31]} 15. f3 {[%clk 0:25:48]} 15... Rac8 {[%clk 0:20:57]} 16. Bc4
{[%clk 0:16:41]} 16... Rfd8 {[%clk 0:15:16]} 17. Rfd1 {[%clk 0:15:25]} 17...
Bf8 {[%clk 0:12:01]} 18. Nd5 {[%clk 0:10:08]} 18... Nxd5 {[%clk 0:10:06]} 19.
exd5 {[%clk 0:10:20]} 19... g6 {[%clk 0:09:16]} 20. Ra2 {[%clk 0:09:20]} 20...
Bg7 {[%clk 0:08:27]} 21. Be2 {[%clk 0:07:59]} 21... f5 {[%clk 0:06:49]} 22. c4
{[%clk 0:07:35]} 22... a5 {[%clk 0:06:22]} 23. Bd3 {[%clk 0:07:14]} 23... Re8
{[%clk 0:05:48]} 24. Re1 {[%clk 0:06:41]} 24... Re7 {[%clk 0:05:41]} 25. Re2
{[%clk 0:06:28]} 25... Rce8 {[%clk 0:05:51]} 26. Qe1 {[%clk 0:06:02]} 26... Bc8
{[%clk 0:05:41]} 27. h3 {[%clk 0:04:47]} 27... Bh6 {[%clk 0:05:18]} 28. Kh2
{[%clk 0:03:50]} 28... Bf4+ {[%clk 0:04:49]} 29. g3 {[%clk 0:04:05]} 29... Bg5
{[%clk 0:04:53]} 30. Ra1 {[%clk 0:02:47]} 30... f4 {[%clk 0:04:04]} 31. g4
{[%clk 0:03:02]} 31... Qd7 {[%clk 0:03:54]} 32. Be4 {[%clk 0:03:05]} 32... Rf7
{[%clk 0:03:33]} 33. Kg1 {[%clk 0:01:51]} 33... Qd8 {[%clk 0:03:02]} 34. Rh2
{[%clk 0:02:02]} 34... Bh4 {[%clk 0:03:03]} 35. Qe2 {[%clk 0:02:26]} 35... Kg7
{[%clk 0:02:39]} 36. Kg2 {[%clk 0:02:05]} 36... Rh8 {[%clk 0:02:15]} 37. Bd3
{[%clk 0:01:27]} 37... Qe7 {[%clk 0:01:55]} 38. Qe4 {[%clk 0:01:15]} 38... Qf6
{[%clk 0:01:43]} 39. Kf1 {[%clk 0:00:52]} 39... Bg3 {[%clk 0:01:40]} 40. Rh1
{[%clk 0:01:12]} 40... h5 {[%clk 0:00:47]} 41. Kg2 {[%clk 0:27:12]} 41... Rd7
{[%clk 0:26:00]} 42. Bc2 {[%clk 0:25:16]} 42... Rdd8 {[%clk 0:25:32]} 43. Rab1
{[%clk 0:23:55]} 43... Rh6 {[%clk 0:24:34]} 44. Rbg1 {[%clk 0:11:58]} 44...
hxg4 {[%clk 0:22:59]} 45. hxg4 {[%clk 0:07:57]} 45... Rdh8 { [%clk 0:21:47]}
46. Rxh6 {[%clk 0:06:09]} 46... Rxh6 {[%clk 0:22:09]} 47. Kf1 { [%clk 0:06:07]}
47... Rh2 {[%clk 0:18:12]} 48. Rg2 {[%clk 0:06:09]} 48... Rxg2 {[%clk 0:15:54]}
49. Kxg2 {[%clk 0:06:32]} 49... Bd7 {[%clk 0:10:57]} 50. Kf1 { [%clk 0:04:26]}
50... Be8 {[%clk 0:11:02]} 51. Ke2 {[%clk 0:02:47]} 51... Bh4 { [%clk 0:09:44]}
52. Kd2 Kf8 53. Qe2 Ke7 54. Be4 Bd7 55. Qf1 Kd8 56. Qg1 Kc7 57. Bb2 Qg7 58. Bc3
Kb7 59. Ke2 Be8 60. Qh2 g5 61. Be1 Bxe1 62. Kxe1 Bg6 63. Qc2 Bxe4 64. Qxe4 Qh6
65. Qe2 Qh7 66. Kd2 Qb1 67. Qd3 Qh1 68. Ke2 Qg2+ 69. Ke1 Qg1+ 70. Ke2 Qg2+
1/2-1/2

[Event "DEM U16w 2019"]
[Site "Willingen GER"]
[Date "2019.06.10"]
[Round "3"]
[White "Müdder, Melanie"]
[Black "Wagner, Victoria"]
[Result "1-0"]
[Termination "normal"]
[Board "1"]
[WhiteElo "1912"]
[BlackElo "1808"]
[WhiteClock "00:01:27"]
[BlackClock "00:00:52"]
[PlyCount "77"]
[WhiteFideId "12994103"]
[BlackFideId "16232348"]
[EventCountry "GER"]
[EventRounds "9"]
[EventType "swiss"]
[EventDate "2019.06.08"]

1. e4 c5 2. Nf3 d6 3. d4 cxd4 4. Nxd4 Nf6 5. Nc3 a6 6. h3 e5 7. Nb3 h5 8. Bg5
Be7 9. Be2 g6 10. Qd2 Nbd7 11. Be3 b5 12. a4 b4 13. Nd5 a5 14. Bb5 Nxd5 15.
Qxd5 Rb8 16. Nxa5 O-O 17. Nc6 Bb7 18. Bh6 Bxc6 19. Qxc6 Nf6 20. Bxf8 Bxf8 21.
Qc4 Rc8 22. Qd3 Qa5 23. O-O Rc5 24. Rfd1 Qc7 25. Rac1 Bh6 26. Rb1 Rxc2 27. Qf3
Bg7 28. Bd3 Rc5 29. Qe3 Qa5 30. Bb5 Bf8 31. Rbc1 Qc7 32. Rxc5 dxc5 33. Qd3 Qb7
34. f3 Be7 35. Kh1 h4 36. a5 Qa7 37. a6 Kg7 38. Bc4 Nh5 39. Qd7 1-0

[Event "DEM U16w 2019"]
[Site "Willingen GER"]
[Date "2019.06.10"]
[Round "3"]
[White "Bui, Ngoc Han Julia"]
[Black "Rothenberg, Nina"]
[Result "0-1"]
[Termination "normal"]
[Board "3"]
[WhiteElo "1973"]
[BlackElo "1653"]
[WhiteClock "00:08:05"]
[BlackClock "00:05:43"]
[PlyCount "146"]
[WhiteFideId "12977055"]
[BlackFideId "16208943"]
[EventCountry "GER"]
[EventRounds "9"]
[EventType "swiss"]
[EventDate "2019.06.08"]

1. e4 e6 2. d4 d5 3. Nc3 Nf6 4. e5 Nfd7 5. f4 c5 6. Nf3 Nc6 7. Be3 Be7 8. Qd2
O-O 9. dxc5 Qa5 10. O-O-O b6 11. Bb5 Nb4 12. Kb1 Nxa2 13. Nxd5 exd5 14. Qxa5
bxa5 15. Kxa2 Bxc5 16. Rhe1 Bxe3 17. Rxe3 Nb6 18. b3 Bf5 19. Bd3 Bg4 20. h3 d4
21. Ree1 Bxf3 22. gxf3 Nd5 23. Be4 Nc3+ 24. Ka1 Nxd1 25. Bxa8 Ne3 26. Be4 Rd8
27. Re2 g6 28. Rd2 Nf1 29. Rd3 Ng3 30. Rd2 Nf1 31. Rd1 Ne3 32. Rg1 Kf8 33. Kb2
Nd5 34. f5 Nf4 35. Ra1 Nxh3 36. Rxa5 Rd7 37. f6 h5 38. Rc5 Kg8 39. e6 fxe6 40.
Bxg6 Rd8 41. Rc7 Nf4 42. Rg7+ Kf8 43. Rf7+ Kg8 44. Rg7+ Kf8 45. Be4 a6 46. Rh7
Rd6 47. Kc1 e5 48. f7 Rf6 49. Kd2 Ke7 50. Ke1 Rxf7 51. Rh6 Rf6 52. Rh7+ Kd6 53.
Ra7 Kc5 54. Rc7+ Kb4 55. Rb7+ Ka3 56. b4 h4 57. Kf2 Ka4 58. Kg1 h3 59. Kh2 Rh6
60. Rb8 Rh5 61. Bc6+ Ka3 62. Rb6 Rg5 63. Rxa6+ Kxb4 64. Be4 Rg2+ 65. Kh1 Ne2
66. Rg6 Ng3+ 67. Rxg3 Rxg3 68. Kh2 Rg2+ 69. Kxh3 Re2 70. Bd3 Re3 71. Kg2 Rxd3
72. cxd3 Kc3 73. Kf2 Kxd3 0-1

[Event "DEM U16w 2019"]
[Site "Willingen GER"]
[Date "2019.06.10"]
[Round "3"]
[White "Ziegenfuß, Larissa"]
[Black "Brunner, Sophia"]
[Result "0-1"]
[Termination "normal"]
[Board "4"]
[WhiteElo "1771"]
[BlackElo "1839"]
[WhiteClock "00:01:20"]
[BlackClock "00:01:18"]
[PlyCount "80"]
[WhiteFideId "12974722"]
[BlackFideId "12960683"]
[EventCountry "GER"]
[EventRounds "9"]
[EventType "swiss"]
[EventDate "2019.06.08"]

1. e4 e6 2. d4 d5 3. Nd2 Nf6 4. e5 Nfd7 5. Bd3 c5 6. c3 Nc6 7. Ne2 cxd4 8. cxd4
f6 9. Nf4 Nxd4 10. Qh5+ Ke7 11. Ng6+ hxg6 12. exf6+ Nxf6 13. Qxh8 Kf7 14. Qh4
e5 15. O-O Bd6 16. Nb3 Nf5 17. Bxf5 Bxf5 18. Bg5 Qh8 19. Qa4 Ne4 20. Be3 Qh7
21. f3 Nf6 22. Bg5 Bd7 23. Qa5 Bc6 24. h3 Qh5 25. Qd2 Bc7 26. Be3 Qf5 27. g4
Qe6 28. Kg2 d4 29. Bg1 e4 30. Nxd4 exf3+ 31. Nxf3 Qe5 32. Qf2 Qf4 33. Rfe1 Ne4
34. Rxe4 Bxe4 35. Re1 Re8 36. Re2 a6 37. b3 Re7 38. a4 Re6 39. Qf1 Qg3+ 40. Kh1
Bxf3+ 0-1

[Event "DEM U16w 2019"]
[Site "Willingen GER"]
[Date "2019.06.10"]
[Round "3"]
[White "Klemke, Kassandra"]
[Black "Glinzner, Alva"]
[Result "1/2-1/2"]
[Termination "normal"]
[Board "5"]
[WhiteElo "1662"]
[BlackElo "1810"]
[WhiteClock "00:07:43"]
[BlackClock "00:14:05"]
[PlyCount "93"]
[WhiteFideId "16217128"]
[BlackFideId "16206169"]
[EventCountry "GER"]
[EventRounds "9"]
[EventType "swiss"]
[EventDate "2019.06.08"]

1. e4 c5 2. Nf3 e6 3. d4 cxd4 4. Nxd4 a6 5. Nc3 Qc7 6. g3 Bb4 7. Bd2 Nf6 8. Bg2
O-O 9. O-O Be7 10. Re1 d6 11. Qe2 Nbd7 12. Rad1 Rb8 13. Nf3 b5 14. e5 dxe5 15.
Nxe5 Nxe5 16. Qxe5 Bd6 17. Qe2 Bb7 18. Bg5 Bxg2 19. Kxg2 Be7 20. Bf4 Qc6+ 21.
Kg1 Rbc8 22. Rd2 Bb4 23. Be5 Ne8 24. Qg4 Be7 25. Red1 Bf6 26. Bxf6 Nxf6 27. Qf4
Qb7 28. a3 h6 29. h4 Qb6 30. Rd6 Qb8 31. Qd4 Qa8 32. Qb6 Ne4 33. Nxe4 Qxe4 34.
c3 Ra8 35. Qd4 Qc2 36. Qd2 Qf5 37. Kg2 Qh5 38. Qd4 Qg6 39. Qd3 Qf6 40. Qd4 Qf5
41. Rb6 Qh5 42. Rd2 Qg6 43. Qd6 Qf6 44. Qd3 Qe7 45. Rd6 Qb7+ 46. Kh2 Qc7 47.
Qd4 1/2-1/2

[Event "DEM U16w 2019"]
[Site "Willingen GER"]
[Date "2019.06.10"]
[Round "3"]
[White "Khamenya, Vitalia"]
[Black "Meijerink, Inken"]
[Result "1-0"]
[Termination "normal"]
[Board "6"]
[WhiteElo "1877"]
[BlackElo "1681"]
[WhiteClock "00:38:05"]
[BlackClock "00:18:36"]
[PlyCount "59"]
[WhiteFideId "12959260"]
[BlackFideId "16225465"]
[EventCountry "GER"]
[EventRounds "9"]
[EventType "swiss"]
[EventDate "2019.06.08"]

1. e4 c5 2. Nf3 Nc6 3. d4 cxd4 4. Nxd4 g6 5. c4 Bg7 6. Be3 Nf6 7. Nc3 O-O 8.
Be2 d6 9. O-O Bd7 10. Nc2 Rc8 11. f3 Ne8 12. Qd2 Nc7 13. Rac1 b6 14. b3 Be6 15.
Nd5 Bxd5 16. cxd5 Ne5 17. Nd4 a6 18. f4 Nd7 19. Nc6 Qe8 20. Na7 Ra8 21. Rxc7
Qd8 22. Rb7 Bf6 23. Nc6 Qe8 24. Ra7 Rxa7 25. Nxa7 Nc5 26. Bxc5 dxc5 27. Nc6 e6
28. Bxa6 exd5 29. Qxd5 Qa8 30. Bc4 1-0

[Event "DEM U16w 2019"]
[Site "Willingen GER"]
[Date "2019.06.10"]
[Round "3"]
[White "Basovskiy, Jana"]
[Black "Schneider, Katharina"]
[Result "1/2-1/2"]
[Termination "normal"]
[Board "7"]
[WhiteElo "1761"]
[BlackElo "1784"]
[WhiteClock "00:11:12"]
[BlackClock "00:07:31"]
[PlyCount "131"]
[WhiteFideId "16208617"]
[BlackFideId "16200519"]
[EventCountry "GER"]
[EventRounds "9"]
[EventType "swiss"]
[EventDate "2019.06.08"]

1. e4 e5 2. Nf3 Nc6 3. Bc4 Bc5 4. c3 Nf6 5. d3 O-O 6. Nbd2 d5 7. Bb3 dxe4 8.
Nxe4 Be7 9. O-O Nd5 10. Re1 Nb6 11. a4 Bg4 12. h3 Bf5 13. Bc2 Bd6 14. Nxd6 Qxd6
15. b4 f6 16. Ba3 Ne7 17. b5 Qd7 18. d4 Rfe8 19. dxe5 Qxd1 20. Bxd1 Ned5 21.
Bb3 Kh8 22. exf6 Nxf6 23. Ne5 Nbd5 24. g4 Be6 25. Nf3 Nf4 26. Bxe6 Rxe6 27.
Rxe6 Nxe6 28. Re1 Nf4 29. Kh2 N6d5 30. Kg3 Ng6 31. Bb2 Rf8 32. Nd4 Ngf4 33. Ba3
Nd3 34. Bxf8 Nxe1 35. Ne6 g6 36. Bg7+ Kg8 37. Be5 c6 38. bxc6 bxc6 39. Bd4 a5
40. Nc5 Nb6 41. Kf4 Kf7 42. Ke4 Nc2 43. Nd3 Nxa4 44. Ne5+ Ke6 45. Nxc6 Nxd4 46.
cxd4 Nc3+ 47. Kd3 Nd1 48. Ke2 Nc3+ 49. Kd2 Nb5 50. Nxa5 Nxd4 51. Ke3 Kd5 52. h4
h6 53. Kf4 Ne2+ 54. Kf3 Nd4+ 55. Ke3 g5 56. h5 Nc2+ 57. Kd3 Ke5 58. Nc4+ Kf4
59. Kxc2 Kxg4 60. Kd3 Kf3 61. Ne5+ Kxf2 62. Ng4+ Kg3 63. Nxh6 Kh4 64. Nf7 Kxh5
65. Nxg5 Kxg5 66. Ke4 1/2-1/2

[Event "DEM U16w 2019"]
[Site "Willingen GER"]
[Date "2019.06.10"]
[Round "3"]
[White "Rudolph, Eva"]
[Black "Berelowitsch, Dana"]
[Result "0-1"]
[Termination "normal"]
[Board "8"]
[WhiteElo "1789"]
[BlackElo "1753"]
[WhiteClock "00:01:01"]
[BlackClock "00:01:03"]
[PlyCount "78"]
[WhiteFideId "16200594"]
[BlackFideId "12977144"]
[EventCountry "GER"]
[EventRounds "9"]
[EventType "swiss"]
[EventDate "2019.06.08"]

1. e4 e6 2. d4 d5 3. Nc3 Bb4 4. exd5 exd5 5. Bd3 Nc6 6. a3 Ba5 7. Nge2 Nf6 8.
O-O Be6 9. Bg5 h6 10. Be3 Qd7 11. Re1 O-O 12. Ng3 Rfe8 13. b4 Bb6 14. Nce2 a5
15. c3 Ne7 16. Qc2 axb4 17. axb4 c6 18. Nf4 Rxa1 19. Rxa1 Bg4 20. f3 Be6 21.
Nfh5 Nxh5 22. Nxh5 Nf5 23. Bf2 Bc7 24. g4 Ne7 25. h3 f5 26. Bg3 fxg4 27. Bxc7
Qxc7 28. fxg4 Bf7 29. Qg2 Ng6 30. Qf2 Qe7 31. Rf1 Rf8 32. Qf5 Qe3+ 33. Kh2 Be8
34. Qxf8+ Nxf8 35. Bf5 Bxh5 36. gxh5 Ne6 37. Bxe6+ Qxe6 38. Rf3 Qe8 39. Rf5 Qe3
0-1

[Event "DEM U16w 2019"]
[Site "Willingen GER"]
[Date "2019.06.10"]
[Round "3"]
[White "Sinnhöfer, Lilian"]
[Black "Stowicek, Yara Mathilda"]
[Result "0-1"]
[Termination "normal"]
[Board "9"]
[WhiteElo "1396"]
[BlackElo "1692"]
[WhiteClock "00:17:12"]
[BlackClock "00:19:57"]
[PlyCount "104"]
[WhiteFideId "12977586"]
[BlackFideId "16203569"]
[EventCountry "GER"]
[EventRounds "9"]
[EventType "swiss"]
[EventDate "2019.06.08"]

1. e4 e5 2. Nf3 Nc6 3. Bb5 a6 4. Bxc6 dxc6 5. O-O Bg4 6. h3 h5 7. d3 Qf6 8.
Nbd2 Bd6 9. Re1 Be6 10. d4 Qg6 11. Nh4 Qh7 12. Ndf3 f6 13. dxe5 Bxe5 14. Nxe5
fxe5 15. Nf3 Bg4 16. Kf1 Bxf3 17. Qxf3 O-O-O 18. Bg5 Re8 19. Rad1 Qg6 20. Qf5+
Qxf5 21. exf5 Nf6 22. f4 exf4 23. Rxe8+ Rxe8 24. Bxf6 gxf6 25. Rd4 f3 26. gxf3
Re5 27. f4 Rxf5 28. Kf2 c5 29. Re4 Kd7 30. Ke3 Rd5 31. Ke2 b5 32. c4 Rd4 33.
Rxd4+ cxd4 34. c5 Kc6 35. b4 Kd5 36. Kd3 h4 37. c6 f5 38. a3 Kxc6 39. Kxd4 Kd6
40. Ke3 Kd5 41. Kd3 c6 42. Ke3 Kc4 43. Kd2 c5 44. bxc5 Kxc5 45. Kc3 a5 46. Kd2
b4 47. axb4+ axb4 48. Kc1 Kd4 49. Kc2 Ke3 50. Kb3 Kxf4 51. Kxb4 Ke3 52. Kc3 f4
0-1

[Event "DEM U16w 2019"]
[Site "Willingen GER"]
[Date "2019.06.10"]
[Round "3"]
[White "Huppert, Anna"]
[Black "Sokolowski, Judith"]
[Result "0-1"]
[Termination "normal"]
[Board "10"]
[WhiteElo "1515"]
[BlackElo "1749"]
[WhiteClock "00:00:59"]
[BlackClock "00:11:57"]
[PlyCount "56"]
[WhiteFideId "16214439"]
[BlackFideId "16200624"]
[EventCountry "GER"]
[EventRounds "9"]
[EventType "swiss"]
[EventDate "2019.06.08"]

1. e4 c5 2. Nc3 e6 3. f4 d5 4. e5 Nc6 5. Bb5 Nge7 6. Nf3 a6 7. Bxc6+ Nxc6 8.
O-O Be7 9. d3 O-O 10. Qe1 b5 11. Ne2 Bb7 12. Ng3 Qd7 13. Nh5 f5 14. exf6 Bxf6
15. c3 d4 16. cxd4 Bxd4+ 17. Nxd4 Nxd4 18. Qd1 Rad8 19. Be3 Qd5 20. Qg4 g6 21.
Rf2 Qxh5 22. Qxh5 gxh5 23. Re1 Rf6 24. h4 Rg6 25. Kh2 Rg4 26. Kh3 Nf5 27. g3
Rxg3+ 28. Kh2 Rxe3 0-1

[Event "DEM U16w 2019"]
[Site "Willingen GER"]
[Date "2019.06.10"]
[Round "3"]
[White "Wucherer, Sophie"]
[Black "Zell, Hannah"]
[Result "0-1"]
[Termination "normal"]
[Board "11"]
[WhiteElo "1496"]
[BlackElo "1494"]
[WhiteClock "00:06:49"]
[BlackClock "00:09:58"]
[PlyCount "62"]
[WhiteFideId "16225473"]
[BlackFideId "16208900"]
[EventCountry "GER"]
[EventRounds "9"]
[EventType "swiss"]
[EventDate "2019.06.08"]

1. d4 f5 2. Nf3 Nf6 3. Bf4 g6 4. c4 Bg7 5. Nc3 O-O 6. e3 d6 7. Be2 Nbd7 8. Qc2
a6 9. Rd1 Qe8 10. d5 e5 11. dxe6 Qxe6 12. Nd5 Nxd5 13. cxd5 Qf6 14. Qxc7 Qxb2
15. Nd4 Bxd4 16. Rxd4 Nf6 17. Bh6 Bd7 18. Bf3 Rac8 19. Qa5 Rc1+ 20. Bd1 Bb5 21.
Qd2 Qxd2+ 22. Rxd2 Rfc8 23. f3 Bc4 24. Kf2 Ra1 25. Re1 Rxa2 26. Rxa2 Bxa2 27.
Re2 Bxd5 28. Rd2 Kf7 29. Bf4 Rc6 30. h3 h5 31. Rd4 Ke7 0-1